Statistiche per Cessioni più costose - Olympique Marsiglia

Clicka qui per fare il quiz!

Statistiche generali

  • Questo quiz è stato fatto 6 volte
  • Il punteggio medio è 5 su 20

Statistiche sulle risposte

Costo (M €)ANazioneAnnoCalciatore% Corretto
38,50ChelseaCosta d'Avorio2004Didier Drogba
100%
30Bayern MonacoFrancia2007Franck Ribéry
83%
24,85FulhamCamerun2018Frank Anguissa
50%
39ChelseaBelgio2016Michy Batshuayi
50%
15West Ham UtdFrancia2015Dimitri Payet
33%
15FlamengoBrasile2023Gerson
33%
9,80JuventusFrancia/Gabon2016Mario Lemina
33%
11LazioCroazia1993Alen Boksic
17%
13MonacoFrancia2016Benjamin Mendy
17%
12MilanFrancia1992Jean-Pierre Papin
17%
15SivigliaArgentina2019Lucas Ocampos
17%
9,80ArsenalFrancia2000Robert Pirés
17%
16ArsenalFrancia2008Samir Nasri
17%
18,35Newcastle UtdFrancia2015Florian Thauvin
0%
11TottenhamFrancia/Camerun2016Georges-Kevin N'Koudou
0%
20PortoFrancia/Repubblica Democratica del Congo2015Giannelli Imbula
0%
10,50QPRFrancia2013Loïc Rémy
0%
15,80Aston VillaFrancia2021Morgan Sanson
0%
10,75Paris Saint-GermainFrancia2000Stèphane Dalmat
0%
10,50MonacoFrancia2000Stéphane Porato
0%

Distribuzione punteggi

Percentile per numero di risposta

Percentuale di utenti per punteggio

I tuoi punteggi nel tempo

Non hai fatto questo quiz